| 000 | 01335cam a22003011i 4500 | ||
|---|---|---|---|
| 003 | SA-RiAUC | ||
| 005 | 20241226132807.0 | ||
| 008 | 241225s1990 le g 001 0 ara c | ||
| 040 |
_aSA-JeALM _bara _cSA-RiAUC _erda |
||
| 050 | 4 | _b.Q74 1990 | |
| 082 | 0 | 4 | _a260 |
| 090 |
_a260 ق ش ي _b260 ق ش ي |
||
| 100 | 1 |
_aالقشيري، عبد الكريم بن هوازن بن عبد الملك، _d376-465 هجري _eمؤلف. |
|
| 245 | 1 | 2 |
_aالرسالة القشيرية في علم التصوف / _cتأليف أبي القاسم عبد الكريم بن هوازن القشيري النيسابوري ؛ تحقيق وإعداد معروف مصطفى زريق، علي عبد الحميد بلطه جي. |
| 250 | _aالطبعة الثانية. | ||
| 264 | 1 |
_aبيروت : _bدار الجيل، _c1990 |
|
| 300 |
_a477 صفحة ؛ _c24 سم |
||
| 336 |
_aنص _btxt _2rdacontent _3كتاب |
||
| 337 |
_aبدون وسيط _bn _2rdamedia |
||
| 338 |
_aمجلد _bnc _2rdacarrier |
||
| 500 | _aكشافات : صفحة 445-470. | ||
| 590 | _aعمر. | ||
| 650 | 7 |
_aالتصوف الإسلامي _2aucsh |
|
| 700 | 1 |
_aزريق، معروف مصطفى، _dتوفي 2010 _eمحقق. |
|
| 700 | 1 |
_aبلطة جي، علي عبد الحميد _eمحقق. |
|
| 942 |
_2ddc _cBOOK _n0 |
||
| 949 |
_aSA-JeALM _d241225 _uosman123 _n1 |
||
| 999 |
_c3992 _d3992 |
||